[Event "Rasht Father Cup 1st"]
[Site "Rasht"]
[Date "2023.10.22"]
[Round "5"]
[White "Ghayourifar, Ali"]
[Black "Shahmohammadi, Amirmohammad"]
[Result "1-0"]
[WhiteElo "1897"]
[BlackElo "1791"]
[PlyCount "77"]
[EventDate "2023.10.19"]
[EventType "swiss"]
[EventRounds "10"]
[EventCountry "IRI"]
[SourceTitle "EXT 2025"]
[Source "ChessBase"]
[SourceDate "2024.10.14"]
[SourceVersion "1"]
[SourceVersionDate "2024.10.14"]
[SourceQuality "1"]

1. e4 c5 2. Nf3 Nc6 3. d4 cxd4 4. Nxd4 Nf6 5. Nc3 e5 6. Ndb5 d6 7. a4 a6 8. Na3 Be6 9. Bc4 Be7 10. 0-0 Rc8 11. Be3 0-0 12. Bd5 Bxd5 13. exd5 Na5 14. Ne2 Nc4 15. Nxc4 Rxc4 16. b3 Rc8 17. a5 Qd7 18. c4 Ng4 19. h3 Nxe3 20. fxe3 f5 21. Rc1 b5 22. axb6 Qb7 23. Qd3 g6 24. Nc3 e4 25. Qd2 Qxb6 26. Rb1 Bg5 27. Rfe1 f4 28. Nxe4 fxe3 29. Qd3 Bh6 30. b4 Rce8 31. c5 dxc5 32. bxc5 Qa5 33. d6 Qa2 34. d7 Qf2+ 35. Kh1 Rxe4 36. Qxe4 Qg3 37. Qd5+ Kg7 38. d8Q Rxd8 39. Rb7+ 1-0